000 00703nam a22002177a 4500
003 0
005 20241119143302.0
008 241119b xxu||||| |||| 00| 0 eng d
020 _a9798214039701
050 _aRJ 499
_b.M37 2024
100 _aMash, Eric J.,
_eauthor.
245 _aChild psychopathology /
_cEric J. Mash, David A. Wolfe, Katherine T. Nguyen Williams.
250 _a8th ed.
260 _aSingapore :
_bCengage,
_c2024.
300 _axxix, 734 p. :
_bcol. ill. ;
_c28 cm.
504 _aIncludes bibliographical references and index.
650 _aChild psychopathology.
700 _aWolfe, David A.,
_eauthor.
700 _aWilliams, Katherine T. Nguyen,
_eauthor.
942 _2lcc
_cBK
999 _c366772
_d366772